A C generáció mint szociálishálózat-építő generáció jellemzői [absztrakt] /

Elmentve itt :
Bibliográfiai részletek
Szerző: Csetényi Korinna
Testületi szerző: A nem kognitív készségek fejlesztése a munkaerőpiaci igények tükrében
Dokumentumtípus: Könyv része
Megjelent: Szegedi Egyetemi Kiadó ; Juhász Gyula Felsőoktatási Kiadó Szeged 2019
Sorozat:A nem kognitív készségek fejlesztése a munkaerőpiaci igények tükrében : program és absztraktkötet
Kulcsszavak:Információs kommunikáció - előadáskivonat
Tárgyszavak:
Online Access:http://acta.bibl.u-szeged.hu/66873
LEADER 01023naa a2200217 i 4500
001 acta66873
005 20230531112722.0
008 200507s2019 hu o 1|| hun d
020 |a 978-615-5946-05-9 
040 |a SZTE Egyetemi Kiadványok Repozitórium  |b hun 
041 |a hun 
100 1 |a Csetényi Korinna 
245 1 2 |a A C generáció mint szociálishálózat-építő generáció jellemzői   |h [elektronikus dokumentum] :  |b [absztrakt] /  |c  Csetényi Korinna 
260 |a Szegedi Egyetemi Kiadó ; Juhász Gyula Felsőoktatási Kiadó  |b Szeged  |c 2019 
300 |a 11 
490 0 |a A nem kognitív készségek fejlesztése a munkaerőpiaci igények tükrében : program és absztraktkötet 
650 4 |a Társadalomtudományok 
650 4 |a Oktatástudomány 
695 |a Információs kommunikáció - előadáskivonat 
711 |a A nem kognitív készségek fejlesztése a munkaerőpiaci igények tükrében  |c Szeged  |d 2018 
856 4 0 |u http://acta.bibl.u-szeged.hu/66873/1/2019_jgypk_absztraktkotet_011.pdf  |z Dokumentum-elérés